01043cam a2200301 i 4500001002300000003000700023005001700030007000700047008004100054010001700095040004000112020002600152020001800178020002200196020002500218035001900243050001600262082001000278100002000288245007800308260004200386300005000428490002400478500002000502650002300522856009600545856010000641colorphotography00yulsCaSfIA20230525155213.0cr||||770817s1977 nyuaf 001 0 eng  a 77073134  aDLCcDLCdOCLCQdJPGdNIALSdCaSfIA a0817424253 :c$10.95. a9780817424251 a0817401768 (pbk.) a9780817401764 (pbk.) a(OCoLC)314241000aTR510b.Y8400a778.61 aYulsman, Jerry.10aColor photography simplified /h[electronic resource] cby Jerry Yulsman. aGarden City, N.Y. :bAmphoto,cc1977. a96 p., [4] leaves of plates :bill. ;c27 cm.0 aA Modern photoguide aIncludes index. 0aColor photography.41uhttp://www.archive.org/details/colorphotography00yulszFree eBook from the Internet Archive42uhttp://www.openlibrary.org/books/OL4561412MzAdditional information and access via Open Library